Normal view
MARC view
- Theories Of Human Communication-Human Communication
Entry Topical Term
001 - CONTROL NUMBER
- control field: 2159
003 - CONTROL NUMBER IDENTIFIER
- control field: JO-AjAnu
005 - DATE AND TIME OF LATEST TRANSACTION
- control field: 20230606070646.0
008 - FIXED-LENGTH DATA ELEMENTS
- fixed length control field: 230606|| aca||aabn | a|a d
040 ## - CATALOGING SOURCE
- Original cataloging agency: JO-AjAnu
- Transcribing agency: JO-AjAnu
150 ## - HEADING--TOPICAL TERM
- Topical term or geographic name entry element: Theories Of Human Communication-Human Communication
670 ## - SOURCE DATA FOUND
- Source citation: Work cat.: (JO-AjAnu)1132: w.Littlejohn,Stephen تأليف/A.Foss,Karen م.مشارك, author 2158, Theories Of Human Communication